000
00327nam a2200121Ia 4500
005
20210429153912.0
008
210429s9999 xx 000 0 und d
082
_a
660 A781C
100
_a
Arshad Mina
_9
55026
245
_a
Catalytic Oxidation of Methanol to Formle Acid (MS-CHE-2015)
300
_a
61p.29cm.
942
_2
ddc
_c
TH
999
_c
561100
_d
561100